Amateur Football Teams of Drenthe - Statistics

General Stats
  • This quiz has been taken 4 times
  • The average score is 15 of 119
Answer Stats
% Correct
FC Meppel
100%
VV Emmen
100%
FC Assen
75%
DZOH
50%
HZVV
50%
SV Borger
50%
SV Een
50%
VV Bargeres
50%
VV Drenthina
50%
VV Hoogeveen
50%
VV SVBO
50%
Achilles 1894
25%
ACV
25%
CVV Fit Boys
25%
HHCombi
25%
MSC
25%
MVV Alcides
25%
ONR
25%
SC Angelslo
25%
SC Erica
25%
SCN
25%
SC Zwartemeerse Boys
25%
SV Hoogersmilde
25%
SV Pesse
25%
SV Tynaarlo
25%
VV Annen
25%
VV BEW
25%
VV Buinen
25%
VV Dalen
25%
VV Gieten
25%
VV GOMOS
25%
VV HOC
25%
VV Klazienaveen
25%
VV Nieuw Buinen
25%
VV Nieuw Roden
25%
VV Peize
25%
VV Raptim
25%
VV Roden
25%
VV Smilde '94
25%
VV Tiendeveen
25%
VV VKW
25%
VV Zwartemeer
25%
Asser Boys
0%
BSVV
0%
CSVC
0%
CVV Germanicus
0%
DOS '63
0%
DSC '65
0%
DVC '59
0%
DVSV
0%
EEC
0%
Erica '86
0%
FC Amboina
0%
FC Zuidlaren
0%
LTC
0%
NKVV
0%
NWVV
0%
Old Forward
0%
SC Elim
0%
SC Roswinkel
0%
SGO
0%
SP Zweeloo
0%
SVDB
0%
SV HODO
0%
SVN '69
0%
SV Nieuw Balinge
0%
SV Twedo
0%
SVV '04
0%
SV Yde de Punt
0%
SVZ
0%
TEVV
0%
Valther Boys
0%
VCG
0%
VIOS Oosterhesselen
0%
VV Actief
0%
VVAK
0%
VV Beilen
0%
VV Buinerveen
0%
VV CEC
0%
VV de Weide
0%
VV Diever-Wapse
0%
VV Dwingeloo
0%
VV Eext
0%
VV EHS '85
0%
VV FDS
0%
VV Gasselternijveen
0%
Vv Gieterveen
0%
VV GKC
0%
VV Havelte
0%
VV Hollandscheveld
0%
VV KSC
0%
VV LEO
0%
VV Noordscheschut
0%
VV Protos
0%
VV Rolder Boys
0%
VV Ruinen
0%
VV Ruinerwold
0%
VV Schoonebeek
0%
VV Sleen
0%
VV SVBC
0%
VV Titan
0%
VV Uffelte
0%
VV VAKO
0%
VV Valthermond
0%
VV Veenhuizen
0%
VV VEV
0%
VV Vitesse '63
0%
VV Wacker-van Dijk
0%
VV Wapserveen
0%
VV Weerdinge
0%
VV Wijster
0%
VV Zandpol
0%
VV ZBC
0%
VV Zuidlaarderveen
0%
VV Zuidwolde
0%
Weiteveense Boys
0%
Witteveense Boys '87
0%
WKE '16
0%
ZZVV
0%
No matching quizzes found
Score Distribution
Percent of People with Each Score
Percentile by Number Answered
Your Score History
You have not taken this quiz